| 000 | 00969cam a22003017a 4500 | ||
|---|---|---|---|
| 003 | CHAP | ||
| 005 | 20220329142542.0 | ||
| 008 | 010926d2000 mx r 00110 spa d | ||
| 010 | _a84799 | ||
| 011 | _a85771 | ||
| 035 | _a96307 | ||
| 040 | _cCHAP | ||
| 082 | 0 | 4 |
_a639.3 _bI5 |
| 110 | 0 | 0 |
_aInstituto Nacional de Pesca. México _959386 |
| 245 | 1 | 0 |
_aCatálogo de peces marinos mexicanos _c/por Instituto Nacional de Pesca |
| 260 |
_aMéxico, D.F. : _bInstituto Nacional de Pesca, _c1976. |
||
| 300 |
_a462 p. : _bilus. |
||
| 590 |
_aBATCH-UPD _b10 _c20130110 _lUCH01 _h0424 |
||
| 590 |
_aBATCH-UPD _b10 _c20130410 _lUCH01 _h0059 |
||
| 590 |
_aBATCH-UPD _b10 _c20130914 _lUCH01 _h1905 |
||
| 590 |
_aCONVERSION _b10 _c20130109 _lUCH01 _h1347 |
||
| 650 | 1 | 4 |
_aPeces _xCatálogos y colecciones. _986444 |
| 650 | 1 | 4 |
_aPiscicultura. _988531 |
| 901 | _aBK | ||
| 905 | _aAlejandra Carrasco M. | ||
| 942 | _cLIBRO | ||
| 949 |
_a639.3 I5 _bBC _cC _d33724000856928 _eC _h101824 _i96307 _sb |
||
| 999 |
_c84799 _d84799 |
||